000 00749nam a2200265Ia 4500
005 20250425162214.0
008 250425s9999 xx 000 0 und d
020 _a97104469X
041 _aspa
082 _a620.103
100 _aBEER, FERDINAND P.
245 0 _aMECANICA VECTORIAL PARA INGENIEROS: ESTATICA
250 _a7A ED.
260 _aMEXICO
260 _aMéxico
_bMCGRAW HILL
_c2005
300 _a619
500 _aEN CIBGZ-FIMCP 50490 7A ED. OCT. 19.05 D-65039C.2
_5.00 ENE.23.06, D-65431C.3
_10.00 PARA ING. MECANICA.- MHP.
650 _aANALISIS VECTORIAL
650 _aESTATICA
650 _aFRICCION MECANICA
650 _aMECANICA APLICADA
700 _aJOHNSTON, E. RUSSELL
942 _c01
010 _a56690
999 _c224506
_d224506